<?xml version="1.0" encoding="UTF-8"?>
<record
    xmlns:xsi="http://www.w3.org/2001/XMLSchema-instance"
    xsi:schemaLocation="http://www.loc.gov/MARC21/slim http://www.loc.gov/standards/marcxml/schema/MARC21slim.xsd"
    xmlns="http://www.loc.gov/MARC21/slim">

  <leader>00341    a2200109   4500</leader>
  <controlfield tag="001">ART_23936</controlfield>
  <controlfield tag="005">20260410161932.0</controlfield>
  <controlfield tag="008">260409a                                 </controlfield>
  <datafield tag="245" ind1="1" ind2="0">
    <subfield code="a">La teor&#xED;a de la demanda con preferencias lexicogr&#xE1;ficas</subfield>
  </datafield>
  <datafield tag="100" ind1="1" ind2=" ">
    <subfield code="a">Pablo, Juan Carlos de</subfield>
  </datafield>
  <datafield tag="773" ind1="0" ind2=" ">
    <subfield code="t">Informe</subfield>
    <subfield code="g">- A&#xF1;o VI, N&#xBA; 42 (oct./dic. 1974)</subfield>
    <subfield code="w">REV23765</subfield>
  </datafield>
  <datafield tag="999" ind1=" " ind2=" ">
    <subfield code="c">28739</subfield>
    <subfield code="d">28739</subfield>
  </datafield>
</record>
